000 00625nam a2200181Ia 4500
008 090201s9999 xx 000 0 und d
010 _aKPL-74352
040 _bमराठी
041 _aमराठी
082 _a54850
_b74352
100 _aज्ञानेश्वर नाडकर्णी
245 _aअश्वत्थाची सळसळ
_cज्ञानेश्वर नाडकर्णी
250 _a1
260 _c1988
_bपॉप्युलर प्रकाशन
300 _a267
_bमध्यम
600 _aअश्वत्थाची सळसळ
942 _cBOOK
999 _c251185
_d251185